Polytechniciens célèbres #2 - Statistiques

Statistiques générales
  • Ce quiz a été pris 22 fois
  • Le résultat moyen est 4 sur 18
Statistiques - réponses
Indice Polytechnicien % Correct
X1974, PDG de Renault et Nissan Carlos Ghosn
58%
X1870, Ingénieur fondateur du métro parisien Fulgence Bienvenüe
53%
X1812, Mathématicien, créateur d'une relation vectorielle éponyme Michel Chasles
47%
X1857, Président de la République Sadi Carnot
47%
X1804, Inventeur de la lentille du même nom Augustin Fresnel
37%
X1808, Physicien et découvreur d'une force éponyme Gustave Coriolis
32%
X1842, Officier défenseur de Belfort en 1870 Pierre Denfert-Rochereau
32%
X1963, Ecrivain, conseiller de F. Mitterand Jacques Attali
26%
X1920, Economiste et sociologue créateur de l'expression "tiers-monde" Alfred Sauvy
16%
X1994, Première femme pilote de chasse Caroline Aigle
16%
X1973, Economiste, médaillé d'or du CNRS Jean Tirole
16%
X1816, Physicien et chimiste, créateur d'un diagramme éponyme Benoit Clapeyron
11%
X1968, Haut fonctionnaire controversé favorable à la "réémigration" Henri de Lesquen
11%
X1992, Ministre sous N. Sarkozy Nathalie Kosciusko-Morizet
11%
X1842, Mathématicien qui montra que e était un nombre transcendant Charles Hermite
5%
X1869, Chimiste et découvreur des équilibres chimiques Henri Le Châtelier
5%
X1982, Astronaute Philippe Perrin
5%
X1931, Prix Nobel d'Economie 1988 Maurice Allais
0%
Aucun quiz correspondant
Distribution des résultats
% des personnes avec chaque résultat
Percentile par nombre de réponses
Votre historique - résultats
Vous n’avez pas pris ce quiz